000 00430nam a2200157Ia 4500
008 240729s9999 xx 000 0 und d
022 _a2791-7509
245 0 _aInternational Journal of Plant Based Pharmaceuticals
260 _aTürkiye
260 _bBektas Tepe
650 _a Plant culture
650 _aAgriculture
856 _uhttps://doaj.org/toc/fc3abdacb4ca4c6994fcd4d308948164
942 _2ddc
942 _cDOAJEJ
999 _c69205
_d69205
945 _a1
_bMadushi Gamage
_c1
_dMadushi Gamage